000 00307nam a2200109Ia 4500
008 220204s9999 xx 000 0 und d
082 _a658.1
_bDUD
245 0 _aHow to improve profitability through more effective planning
260 _aNew York
_bJohn Wiley
_c1975
700 _aDudick, Thomas S
942 _cBK
999 _c28263
_d28263